Textos literarios comentados (Record no. 59371)

MARC details
000 -LEADER
campo de control de longitud fija 00555nam a2200181 i 4500
001 - NÚMERO DE CONTROL
campo de control 59371
003 - IDENTIFICADOR DE NÚMERO DE CONTROL
campo de control ES-MaACL
005 - FECHA Y HORA DE LA ÚLTIMA TRANSACCIÓN
campo de control 20250907063044.0
007 - CAMPO FIJO DE DESCRIPCIÓN FÍSICA--INFORMACIÓN GENERAL
campo de control de longitud fija t|
008 - DATOS DE LONGITUD FIJA--INFORMACIÓN GENERAL
campo de control de longitud fija 031028s1958 sp ||||1| spa d
100 1# - ENTRADA PRINCIPAL--NOMBRE DE PERSONA
Nombre de persona Elizalde, Ignacio,
Fechas asociadas al nombre 1913-
9 (RLIN) 47009
245 10 - MENCIÓN DEL TÍTULO
Título Textos literarios comentados
Resto del título : sexto curso, Plan 1957 /
Mención de responsabilidad, etc. Ignacio Elizalde.
250 ## - MENCION DE EDICION
Mención de edición [5ª ed.].
260 ## - PUBLICACIÓN, DISTRIBUCIÓN, ETC.
Lugar de publicación, distribución, etc. Zaragoza :
Nombre del editor, distribuidor, etc. Hechos y Dichos,
Fecha de publicación, distribución, etc. [1958] (
Fabricante Imp. Tipo Línea)
300 ## - DESCRIPCIÓN FÍSICA
Extensión 256 p. ;
Dimensiones 24 cm.
852 ## - LOCALIZACIÓN
Ubicación ES-MaACL
Número de control de estantería C-20453
Sublocalización o colección R.48863
Holdings
Estatus retirado Estado de pérdida Estado de daño No para préstamo Biblioteca de origen Biblioteca actual Ubicación en estantería Fecha de adquisición Fuente de adquisición Total de préstamos Signatura topográfica completa Código de barras Visto por última vez Precio de reemplazo Tipo de ítem Koha
        Biblioteca del Ateneo de Madrid Biblioteca del Ateneo de Madrid Galería 17/01/2008     C-20453 1062275 23/02/2023 23/02/2023 Libro impreso